<?xml version="1.0" encoding="UTF-8"?><?xml-stylesheet type="text/xsl" href="static/style.xsl"?><OAI-PMH xmlns="http://www.openarchives.org/OAI/2.0/" xmlns:xsi="http://www.w3.org/2001/XMLSchema-instance" xsi:schemaLocation="http://www.openarchives.org/OAI/2.0/ http://www.openarchives.org/OAI/2.0/OAI-PMH.xsd"><responseDate>2026-04-17T10:21:40Z</responseDate><request verb="GetRecord" identifier="oai:www.recercat.cat:2072/422595" metadataPrefix="marc">https://recercat.cat/oai/request</request><GetRecord><record><header><identifier>oai:recercat.cat:2072/422595</identifier><datestamp>2024-10-29T16:56:01Z</datestamp><setSpec>com_2072_98</setSpec><setSpec>col_2072_378196</setSpec></header><metadata><record xmlns="http://www.loc.gov/MARC21/slim" xmlns:dcterms="http://purl.org/dc/terms/" xmlns:xsi="http://www.w3.org/2001/XMLSchema-instance" xmlns:doc="http://www.lyncode.com/xoai" xsi:schemaLocation="http://www.loc.gov/MARC21/slim http://www.loc.gov/standards/marcxml/schema/MARC21slim.xsd">
   <leader>00925njm 22002777a 4500</leader>
   <datafield ind2=" " ind1=" " tag="042">
      <subfield code="a">dc</subfield>
   </datafield>
   <datafield ind2=" " ind1=" " tag="720">
      <subfield code="a">Folch Pueyo, Sheila</subfield>
      <subfield code="e">author</subfield>
   </datafield>
   <datafield ind2=" " ind1=" " tag="260">
      <subfield code="c">Gener 2020</subfield>
   </datafield>
   <datafield ind2=" " ind1=" " tag="520">
      <subfield code="a">El presente trabajo final de máster ofrece un estudio de investigación de fuentes secundarias sobre el paso del esfuerzo al sobreesfuerzo por el éxito en la consecución de metas. Un análisis que ayuda a entender qué sucede en el cuerpo mente cuando se antepone el éxito por la consecución de mentas a la escucha y atención al cuerpo. El abordaje del dicho estudio se fundamenta en el análisis de la relación de los conceptos de esfuerzo y sobreesfuerzo desde una triple perspectiva: psicológica, neurocientífica y desde la Danza Movimiento Terapia, con el fin de conectar los diferentes prismas sobre dichos conceptos y obtener una visión integrada de los mismos.</subfield>
   </datafield>
   <datafield tag="653" ind2=" " ind1=" ">
      <subfield code="a">Dansateràpia</subfield>
   </datafield>
   <datafield tag="653" ind2=" " ind1=" ">
      <subfield code="a">Èxit</subfield>
   </datafield>
   <datafield tag="653" ind2=" " ind1=" ">
      <subfield code="a">Cos i ment</subfield>
   </datafield>
   <datafield tag="653" ind2=" " ind1=" ">
      <subfield code="a">Esforç</subfield>
   </datafield>
   <datafield tag="653" ind2=" " ind1=" ">
      <subfield code="a">Meta (Psicologia)</subfield>
   </datafield>
   <datafield tag="653" ind2=" " ind1=" ">
      <subfield code="a">Objectiu (Psicologia)</subfield>
   </datafield>
   <datafield tag="653" ind2=" " ind1=" ">
      <subfield code="a">Consciència (Psicologia)</subfield>
   </datafield>
   <datafield tag="653" ind2=" " ind1=" ">
      <subfield code="a">Somatoestèsia</subfield>
   </datafield>
   <datafield tag="653" ind2=" " ind1=" ">
      <subfield code="a">Atenció plena</subfield>
   </datafield>
   <datafield ind2="0" ind1="0" tag="245">
      <subfield code="a">Del esfuerzo al sobreesfuerzo. Anteponer el éxito por la meta a la escucha y atención al cuerpo</subfield>
   </datafield>
</record></metadata></record></GetRecord></OAI-PMH>